• 首页
  • 本馆介绍
  • 公告通知
  • 最新文献
  • 馆藏检索
  • 电子资源
  • 读者导购
  • 参考咨询
  • 我的图书馆
  • 登录
  • 详细信息显示
  • 放入我的书架
  • 预约/预借图书
  • 作者相关作品
  • 分类相关作品
  • 丛书相关作品
  • 出版社相关作品

书目信息

  • 表格格式
  • 工作单格式
  • 卡片格式
题名:
船舶柴油机管理与维修
    
 
作者: 林景湘 编
分册:  
出版信息: 北京   人民交通出版社  1973
页数: 251页
开本: 20cm
丛书名:
单 册:
中图分类: U664.121
科图分类:
主题词: 船舶工程
电子资源:
ISBN:
000 00551nam0 2200193 450
001 0663710542
005 20060726172623.84
010    @dCNY0.83
100    @a20060725d1973 km y0chiy0120 ea
101 0  @achi
102    @aCN@b110000
200 1  @a船舶柴油机管理与维修@Achuan bo chai you ji guan li yu wei xiu@f林景湘 编@Flin jing xiang bian
210    @a北京@c人民交通出版社@d1973
215    @a251页@d20cm
606 0  @a船舶工程
690    @aU664.121@v3
701  0 @a林景湘@Alin jing xiang@4编
801  0 @aCN@bPFT@c20060726
905    @a10447@dU664.121@e113
    
    船舶柴油机管理与维修/林景湘 编.-北京:人民交通出版社,1973
    251页;20cm
    
    
    ISBN :CNY0.83
    
●
相关链接 在E读中查询图书 在五车中查询图书 在当当中查询图书 在豆瓣中查询图书


正题名:船舶柴油机管理与维修     索取号:U664.121/113         预约/预借

序号 登录号 条形码 馆藏地/架位号 状态 备注
1 0438451   204384512   密集书库/ [索取号:U664.121/113] 在馆    
2 0438452   204384521   密集书库/ [索取号:U664.121/113] 在馆    
唐山师范学院图书馆 欢迎您!
大连网信软件有限公司© 版权所有